000 00303nam a22001337a 4500
008 170228b xxu||||| |||| 00| 0 eng d
020 _a9780911910117
041 _aeng
080 _a61
100 _a3
101 _aSHM
245 _aTHE MERCK MANUAL OF PATIENT SYMPTOMS
_cPORTER, R.S
942 _2udc
_cBK
999 _c6384
_d6384